Регионална библиотека "Любен Каравелов" - Русе

Съчинения (Запис номер 428957)

MARC детайли
000 -Лидер
Контролно поле с фиксирана дължина 01482nam a2200241 a 4500
003 - Код на организацията, давaща контролен номер
Контролно поле BLK
005 - Дата и час на последна редакция
Контролно поле 20240617105105.0
008 - Елементи от данни с фиксирана дължина
fixed length control field 210818b bul|||||r ||||||| ||bul||
040 ## - Източник на каталожния запис
Идентификатор на билиотеката - собственик на записа BLK
041 ## - Код за език
Код за езика на текст/звукозапис или на отделно заглавие Български
Код за езика КДБФ Български
080 ## - УДК
Текстов определител УДК Българска литература
УДК код - определител по УДК 821.163.2
УДК определител -1
УДК - код + определител 821.163.2-1
100 1# - Редна дума - Автор
Автор Михайловски, Стоян Николов
Автор - информация (биография) Михайловский, Стоян, 1856-1927; Михайловски, Ст., 1856-1927; Михайловски, 1856-1927; Де Профундис, 1856-1927 (псевдоним); Истров, Драгостин, 1856-1927 (псевдоним); Муслак, Драгостин Истров, 1856-1927 (псевдоним); Розенберг, Викентий, 1856-1927 (псевдоним); Рязков, Евгений, 1856-1927 (псевдоним); Стрелков, Ст., 1856-1927 (псевдоним); De Profundis, 1856-1927 (псевдоним); X.y.z., 1856-1927 (псевдоним)
Дати, свързани с автора 1856-1927
R(LIN) 97934
139 ## - Редно поле
Редна дума Михайловский, Стоян Николов
245 00 - Сведения за заглавието
Заглавие Съчинения
Подзаглавни данни Т. 1-
Редно поле (дума) Ст. Михайловски
Том Т. 1
260 ## - Област на издателските данни
Място на издаване, разпространение и проч. София
Име на издателя, разпространителя и проч. б. и.
Година на издаване 1918-
Печатница София: Държ. печатница
9 (RLIN) 441842
300 ## - Физическа характеристика
Размери/Мащаб 23 см
380 ## - Жанр
Жанр Худож. лит.
760 ## - Описание на основната серия
Редна дума на основното описание Михайловский, Стоян Николов
Място на издаване, издател и година София, 1918
Страници - том 198 с.
Част - том Т.1
852 ## - Местоположение
Форматна сигнатура Цб 8.230.2905
Фондова буква Хранилище
999 ## - СИСТЕМНИ КОНТРОЛНИ НОМЕРА
Koha biblionumber 428957
Koha biblioitemnumber 428957
942 ## - АРТИКУЛИ
Вид на библиотечния материал Книги
Скрит в OPAC Не
Периодичен библиозапис Да
944 ## - СЪЗДАВАНЕ И РЕДАКЦИЯ на ЗАПИСА
Създаване/Редакция Създаване
Дата на регистрацията/редакция 2021-08-18
Служител, извършил регистрацията/редакцията 30542
Статус, дата на статуса Русанова Ирена
999 ## - СИСТЕМНИ КОНТРОЛНИ НОМЕРА
Koha biblioitemnumber 428957
Наличности
Код за отписване Код за изгубен артикул Източник на класификационната схема Код за повреда Коз за рестрикции Код за отдаване Артикулен № Име на библиотеката - собственик Име на библиотеката, в която се намира в момента Статус (Текущо местоположение) Дата на вписване в системата Местоположение - отдел Цена в лева Инвентарен номер Систематично азбучна сигнатура Баркод Цена в евро Служебен тип на артикула
  Не е изгубен Universal Decimal Classification Не е повреден само за читалня ползва се в читалня 849279 Регионална библиотека "Любен Каравелов" Русе Регионална библиотека "Любен Каравелов" Русе Хранилище 2021-08-19 Основен фонд - ползва се само за читалня 0.16 2905-І Цб 8.230.2905 900000074877 0.08 Книги
Vip Innovations Ltd, Rousse, Bulgaria 2025